Statistics for Countries with Longest Total Land Border Length

Click here to take the quiz!

General Stats

  • This quiz has been taken 11 times
  • The average score is 17 of 20

Answer Stats

Length (km²)Length (mi)Country% Correct
14,6919,129Brazil
100%
8,8945,526Canada
100%
6,1713,834Chile
100%
22,14713,762China
100%
14,2098,829India
100%
20,01712,438Russia
100%
12,0347,478United States
100%
9,6656,006Argentina
91%
10,7306,670D.R. Congo
91%
12,0127,464Kazakhstan
91%
6,4704,020Algeria
82%
5,9683,708Chad
82%
6,0043,731Colombia
82%
8,2205,110Mongolia
82%
6,7744,209Pakistan
82%
6,7644,203Sudan
82%
7,2434,501Mali
73%
6,2213,866Uzbekistan
73%
6,7434,190Bolivia
64%
5,8763,651Myanmar
55%

Score Distribution

Percentile by Number Answered

Percent of People with Each Score

Your Score History

You have not taken this quiz